ARRUPE JESUIT UNIVERSITY

CORONAVIRUS -STOP THE SPREAD - CLEAN,DISINFECT,COVER

The Bundu book of meteorology, wayfinding, and rock climbing, and way finding (Record no. 121460)

MARC details
000 -LEADER
fixed length control field 01005cam a2200289 4500
001 - CONTROL NUMBER
control field 3626816
003 - CONTROL NUMBER IDENTIFIER
control field ARRUPE
005 - DATE AND TIME OF LATEST TRANSACTION
control field 20141219133912.0
008 - FIXED-LENGTH DATA ELEMENTS--GENERAL INFORMATION
fixed length control field 740321s1971 rh a 100 0 eng
010 ## - LIBRARY OF CONGRESS CONTROL NUMBER
LC control number 74157740
020 ## - INTERNATIONAL STANDARD BOOK NUMBER
International Standard Book Number 0582641055
040 ## - CATALOGING SOURCE
Original cataloging agency DLC
Transcribing agency DLC
Modifying agency DLC
043 ## - GEOGRAPHIC AREA CODE
Geographic area code f-rh---
050 00 - LIBRARY OF CONGRESS CALL NUMBER
Classification number SPC QC991.R5
Item number B86
082 00 - DEWEY DECIMAL CLASSIFICATION NUMBER
Classification number 551.5/09689/1
300 ## - PHYSICAL DESCRIPTION
Other physical details illus.
Dimensions 18 cm.
245 04 - TITLE STATEMENT
Title The Bundu book of meteorology, wayfinding, and rock climbing, and way finding
260 ## - PUBLICATION, DISTRIBUTION, ETC. (IMPRINT)
Place of publication, distribution, etc Salisbury
Name of publisher, distributor, etc Longman Rhodesia for the Standing Conference of National Voluntary Youth Organisations in Rhodesia
Date of publication, distribution, etc 1971
300 ## - PHYSICAL DESCRIPTION
Extent 103 p.
440 ## - SERIES STATEMENT/ADDED ENTRY--TITLE
Number of part/section of a work Bundu book
Name of part/section of a work 4
9 (RLIN) 13485
650 #0 - SUBJECT ADDED ENTRY--TOPICAL TERM
Topical term or geographic name as entry element Rock climbing.
9 (RLIN) 13294
650 #0 - SUBJECT ADDED ENTRY--TOPICAL TERM
Topical term or geographic name as entry element Outdoor life
General subdivision Safety measures.
9 (RLIN) 13295
651 #0 - SUBJECT ADDED ENTRY--GEOGRAPHIC NAME
Geographic name Zimbabwe
General subdivision Climate.
9 (RLIN) 13296
700 ## - ADDED ENTRY--PERSONAL NAME
Personal name Hattle, Jack
9 (RLIN) 13298
711 2# - ADDED ENTRY--MEETING NAME
Meeting name or jurisdiction name as entry element Standing Conference of National Voluntary Youth Organisations in Rhodesia.
9 (RLIN) 13297
906 ## - LOCAL DATA ELEMENT F, LDF (RLIN)
a 7
b cbc
c orignew
d 4
e ncip
f 19
g y-gencatlg
942 ## - ADDED ENTRY ELEMENTS (KOHA)
Source of classification or shelving scheme Library of Congress Classification
Koha item type SPC
Holdings
Withdrawn status Lost status Source of classification or shelving scheme Damaged status Not for loan Collection code Home library Current library Shelving location Date acquired Total Checkouts Full call number Barcode Date last seen Price effective from Koha item type
    Library of Congress Classification     SPECIAL Collection ARRUPE LIBRARY ARRUPE LIBRARY Main Collection 10/12/2014   SPC QC991.R5 B86 46500003461 10/12/2014 10/12/2014 SPC

 

Arrupe Library. PO Box MP320 Mt Pleasant, Harare, Zimbabwe
263 242 745411|librarian@aju.ac.zw